Statistics for General Knowledge Antarctica

Click here to take the quiz!

General Stats

  • This quiz has been taken 7 times
  • The average score is 3 of 9

Answer Stats

HintAnswer% Correct
Who reached the south pole first?Amundsen
86%
Which type of draft animal did 1# use?Dogs
71%
Which type of penuin is the largest?Emperor Penguin
57%
Who came second and died on the way home?Scott
43%
What is Antartica's population(in thousands, in summer)?4000
0%
What is the lowest temperature measured on antarctica? (C)-89
0%
What is the largest reserarch station?McMurdo Station
0%
What is Antartica's highest mountain?Mount Vinson
0%
Which type of draft animal did 3# primarily use?Ponies
0%

Score Distribution

Percentile by Number Answered

Percent of People with Each Score

Your Score History

You have not taken this quiz